[Event "Chess Classic ELO Open 2013"]
[Site "Baden-Baden GER"]
[Date "2013.02.09"]
[Round "3.9"]
[White "Schut, Lisa"]
[Black "Naundorf, Maik"]
[Result "1/2-1/2"]
[WhiteTitle "WIM"]
[WhiteElo "2283"]
[BlackElo "2129"]
[WhiteFideId "1019481"]
[BlackFideId "4682106"]
[EventDate "2013.02.07"]

1. e4 c5 2. Nf3 g6 3. d4 cxd4 4. Nxd4 Nc6 5. c4 Nf6 6. Nc3 d6 7. Be2 Nxd4 8.
Qxd4 Bg7 9. Be3 O-O 10. Qd2 a5 11. f3 a4 12. Rc1 Be6 13. Rc2 Qa5 14. Nd5 Bxd5
15. cxd5 Nd7 16. Qxa5 Rxa5 17. Rc7 Nc5 18. Kd2 Bxb2 19. Rb1 a3 20. Rxe7 Rc8 21.
Bxc5 Raxc5 22. Bd1 R5c7 23. Rxc7 Rxc7 24. f4 b5 25. Bb3 Kg7 26. Rd1 f6 27. Bc2
Rc5 28. Rf1 b4 29. Rf3 Bc3+ 30. Kd1 Rc7 31. g4 h6 32. h3 Rc4 33. Bd3 Rc7 34. Bc2
Rc4 35. Bd3 1/2-1/2

[Event "Chess Classic ELO Open 2013"]
[Site "Baden-Baden GER"]
[Date "2013.02.09"]
[Round "3.10"]
[White "Frick, Christoph"]
[Black "Bohnert, Dominik"]
[Result "1-0"]
[WhiteElo "2250"]
[BlackElo "1938"]
[WhiteFideId "4607090"]
[BlackFideId "12918075"]
[EventDate "2013.02.07"]

1. Nc3 c5 2. e4 Nc6 3. g3 e6 4. Bg2 d6 5. d3 Be7 6. f4 h5 7. Be3 Nf6 8. h3 d5 9.
Bf2 d4 10. Nb1 Qb6 11. b3 h4 12. g4 g5 13. fxg5 Nh7 14. Nf3 Nxg5 15. Nbd2 Nxf3+
16. Nxf3 f5 17. Qe2 Qa5+ 18. Qd2 Nb4 19. O-O fxg4 20. hxg4 h3 21. Bh1 Qc7 22. e5
h2+ 23. Nxh2 Qxe5 24. Nf3 Qg7 25. g5 Qh7 26. Bg2 Bd6 27. Rfe1 Nd5 28. Re4 Bd7
29. Rae1 O-O-O 30. Rh4 Qg7 31. Ree4 Rxh4 32. Rxh4 Rf8 33. Qe1 Nf4 34. Bh1 Bc6
35. Bg3 Qc7 36. Rh6 Bd5 37. Nd2 Bxh1 38. Kxh1 Qf7 39. Qe4 Bc7 40. Rh7 Qf5 41.
Qxf5 exf5 42. Rxc7+ Kxc7 43. Bxf4+ Kd7 44. Nf3 Re8 45. Be5 Ke6 46. Kg2 Kd5 47.
g6 Rg8 48. g7 Ke6 49. Kg3 1-0

[Event "Chess Classic ELO Open 2013"]
[Site "Baden-Baden GER"]
[Date "2013.02.09"]
[Round "3.11"]
[White "Tolhuizen, Ludo"]
[Black "Krulich, Roman"]
[Result "0-1"]
[BlackTitle "CM"]
[WhiteElo "2154"]
[BlackElo "2215"]
[WhiteFideId "1000802"]
[BlackFideId "4698746"]
[EventDate "2013.02.07"]

1. d4 d5 2. Nf3 Nf6 3. Bf4 g6 4. e3 Bg7 5. Bd3 O-O 6. Nbd2 c5 7. c3 Nc6 8. h3
Nd7 9. O-O e5 10. dxe5 Ndxe5 11. Nxe5 Nxe5 12. Bc2 Be6 13. e4 dxe4 14. Nxe4 Qb6
15. Qc1 c4 16. Ng5 Bd5 17. Bxe5 Bxe5 18. Be4 Rad8 19. Bxd5 Rxd5 20. Nf3 Bg7 21.
Qc2 Rb5 22. Rab1 Rd8 23. Qe4 Rxb2 24. Rxb2 Qxb2 25. Rb1 Qxc3 26. Rxb7 Qd3 27.
Qe7 Qd1+ 28. Kh2 Qd6+ 29. Qxd6 Rxd6 30. Rxa7 Bb2 31. Rc7 c3 32. a4 Rd1 33. a5
Ra1 34. Rc5 Kf8 35. Ng5 Ra2 36. g3 Ba1 37. Ne4 c2 38. a6 Bd4 39. Rc4 f5 40. Nc5
Bxf2 41. Nd3 Be3 42. Kh1 Ke7 43. Rc6 g5 0-1

[Event "Chess Classic ELO Open 2013"]
[Site "Baden-Baden GER"]
[Date "2013.02.09"]
[Round "3.12"]
[White "Vogel, Jaap"]
[Black "Feiler, Juergen"]
[Result "1/2-1/2"]
[WhiteTitle "FM"]
[WhiteElo "2190"]
[BlackElo "2138"]
[WhiteFideId "1000764"]
[BlackFideId "4687507"]
[EventDate "2013.02.07"]

1. d4 Nf6 2. c4 c5 3. d5 b5 4. cxb5 a6 5. bxa6 g6 6. Nc3 Bxa6 7. Nf3 d6 8. e4
Bxf1 9. Kxf1 Nbd7 10. g3 Bg7 11. Kg2 O-O 12. h3 Ra6 13. Re1 Qa8 14. Qc2 e6 15.
dxe6 fxe6 16. Bg5 Kh8 17. a4 1/2-1/2

[Event "Chess Classic ELO Open 2013"]
[Site "Baden-Baden GER"]
[Date "2013.02.09"]
[Round "3.13"]
[White "Hoegener, Claude"]
[Black "Partenheimer, Axel"]
[Result "1/2-1/2"]
[WhiteElo "2059"]
[BlackElo "2188"]
[WhiteFideId "4000978"]
[BlackFideId "4646703"]
[EventDate "2013.02.07"]

1. d4 d5 2. Nf3 Nf6 3. Bg5 Ne4 4. Bf4 c5 5. c3 cxd4 6. Bxb8 Rxb8 7. Qxd4 Qb6 8.
Qxb6 axb6 9. e3 Nd6 10. Na3 Bd7 11. Be2 e6 12. O-O Be7 13. Rac1 Bc6 14. c4 dxc4
15. Nxc4 Nxc4 16. Bxc4 Bf6 17. b3 b5 18. Bd3 Ra8 19. Bb1 O-O 20. Rfd1 Rfd8 21.
Rxd8+ Rxd8 22. Bc2 Rc8 23. Be4 Kf8 24. Kf1 Ke7 25. Bxc6 bxc6 26. Ke2 Kd7 27. Nd2
c5 28. Rc2 Be7 29. Nf3 f6 30. Nd2 f5 31. Nf3 Bf6 32. Nd2 Rc7 33. Nf3 g6 34. Nd2
Kc6 35. Nf3 1/2-1/2

[Event "Chess Classic ELO Open 2013"]
[Site "Baden-Baden GER"]
[Date "2013.02.09"]
[Round "3.14"]
[White "Magar, Johannes"]
[Black "Buttenmueller, Thomas"]
[Result "1/2-1/2"]
[WhiteElo "2075"]
[BlackElo "2156"]
[WhiteFideId "4648943"]
[BlackFideId "1312847"]
[EventDate "2013.02.07"]

1. e4 c5 2. Nf3 d6 3. c3 Nf6 4. Bd3 e6 5. Bc2 Be7 6. O-O Nbd7 7. d4 O-O 8. Qe2
e5 9. Rd1 Qc7 10. a4 a6 11. a5 Re8 12. h3 Nf8 13. d5 b5 14. axb6 Qxb6 15. Bd3
Ng6 16. Na3 Nh5 17. Nc4 Qc7 18. Qc2 Nhf4 19. Bf1 Bd7 20. Bxf4 Nxf4 21. Nfxe5
dxe5 22. d6 Bxd6 23. Nxd6 Re6 24. Qd2 Rg6 25. Kh2 Bc6 26. g3 Ne6 27. Qe3 a5 28.
Bc4 Qb6 29. Nf5 Re8 30. Rd6 Qxb2 31. Ra2 Qb7 32. f3 Qc7 33. Rd1 Rf6 34. Rad2 Ba4
35. Ra1 Bd7 36. Rad1 Bc8 37. Nd6 Rd8 38. Nb5 Qe7 39. Bxe6 Rxd2+ 40. Qxd2 fxe6
41. Kg2 Ba6 42. c4 Bxb5 43. cxb5 Qc7 44. Ra1 1/2-1/2

[Event "Chess Classic ELO Open 2013"]
[Site "Baden-Baden GER"]
[Date "2013.02.09"]
[Round "3.16"]
[White "Gkogkas, Dimitrios"]
[Black "Rueckleben, Hermann"]
[Result "1/2-1/2"]
[WhiteElo "2218"]
[BlackElo "2021"]
[WhiteFideId "4200462"]
[BlackFideId "4610490"]
[EventDate "2013.02.07"]

1. d4 g6 2. Nf3 Bg7 3. Bf4 d6 4. e3 Nd7 5. Bc4 e6 6. c3 Ngf6 7. h3 b6 8. a4 a6
9. Nbd2 Bb7 10. Qc2 O-O 11. O-O Re8 12. Rfd1 Qe7 13. Bh2 Rac8 14. b4 c5 15. bxc5
dxc5 16. Qd3 cxd4 17. cxd4 Nd5 18. Rdc1 Nb4 19. Qa3 Bf8 20. Qb3 Bd5 21. Bxd5
exd5 1/2-1/2

[Event "Chess Classic ELO Open 2013"]
[Site "Baden-Baden GER"]
[Date "2013.02.10"]
[Round "4.2"]
[White "Iordachescu, Viorel"]
[Black "Tereick, Benjamin"]
[Result "1/2-1/2"]
[WhiteTitle "GM"]
[BlackTitle "IM"]
[WhiteElo "2610"]
[BlackElo "2382"]
[WhiteFideId "13900200"]
[BlackFideId "24607541"]
[EventDate "2013.02.07"]

1. c4 e6 2. Nc3 b6 3. d4 Bb4 4. e3 Bxc3+ 5. bxc3 Bb7 6. a4 Nf6 7. f3 Nh5 8. Nh3
O-O 9. Bd3 Qh4+ 10. Nf2 f5 11. Ra2 Nc6 12. O-O d6 13. e4 Nf4 14. Bxf4 Qxf4 15.
exf5 exf5 16. Re2 Na5 17. Rfe1 c5 18. Re7 cxd4 19. cxd4 d5 20. cxd5 Bxd5 21. Bb5
a6 22. Bd7 Rad8 23. Qe2 Qd6 24. Qe5 Qxe5 25. dxe5 Nc6 26. Be6+ Bxe6 27. Rxe6 Rc8
28. Nh3 Rfe8 29. Rxe8+ Rxe8 30. f4 h6 31. Nf2 g5 32. g3 gxf4 33. gxf4 Rd8 34.
Rc1 Nd4 35. Kf1 Kf7 36. Nd3 Ke6 37. Rc7 Kd5 38. Nb4+ Ke4 39. Rc4 1/2-1/2

[Event "Chess Classic ELO Open 2013"]
[Site "Baden-Baden GER"]
[Date "2013.02.10"]
[Round "4.3"]
[White "Sanikidze, Tornike"]
[Black "Chatalbashev, Boris"]
[Result "1-0"]
[WhiteTitle "GM"]
[BlackTitle "GM"]
[WhiteElo "2553"]
[BlackElo "2552"]
[WhiteFideId "13602608"]
[BlackFideId "2900440"]
[EventDate "2013.02.07"]

1. d4 Nf6 2. c4 c5 3. d5 g6 4. Nc3 Bg7 5. e4 O-O 6. Bd3 e6 7. Nf3 exd5 8. cxd5
d6 9. h3 b5 10. Nxb5 Re8 11. Nc3 Nxe4 12. Nxe4 f5 13. Bg5 Qd7 14. Nd2 fxe4 15.
Nxe4 c4 16. Bc2 Qf5 17. O-O Rxe4 18. Qd2 Bd7 19. Bxe4 Qxe4 20. Qa5 Na6 21. Qxa6
Qxd5 22. Be3 Bc6 23. f3 Bb7 24. Qa3 Re8 25. Rad1 Qb5 26. Bd4 Bxd4+ 27. Rxd4 d5
28. Qc3 Qb6 29. Rf2 a5 30. Rd1 a4 31. Kf1 Rd8 32. Qd4 Qc7 33. Kg1 Re8 34. Rff1
a3 35. bxa3 c3 36. Rc1 Rc8 37. Rfe1 Qc4 38. Red1 Kf7 39. Qe5 Qc5+ 40. Kh1 Re8
41. Qxc3 1-0

[Event "Chess Classic ELO Open 2013"]
[Site "Baden-Baden GER"]
[Date "2013.02.10"]
[Round "4.4"]
[White "Karpatchev, Aleksandr"]
[Black "Welling, Gerard"]
[Result "1-0"]
[WhiteTitle "GM"]
[BlackTitle "IM"]
[WhiteElo "2484"]
[BlackElo "2349"]
[WhiteFideId "4117182"]
[BlackFideId "1000446"]
[EventDate "2013.02.07"]

1. e4 g6 2. d4 Bg7 3. c3 d6 4. f4 Nf6 5. Bd3 c5 6. dxc5 O-O 7. Nf3 dxc5 8. e5
Ng4 9. h3 Nh6 10. g4 Nc6 11. Be3 Qc7 12. Qe2 Be6 13. Bc4 Bxc4 14. Qxc4 Rad8 15.
Nbd2 b6 16. O-O-O b5 17. Qxc5 Qb7 18. Nb3 Rc8 19. Qd5 b4 20. c4 e6 21. Qe4 Qa6
22. Kb1 1-0

[Event "Chess Classic ELO Open 2013"]
[Site "Baden-Baden GER"]
[Date "2013.02.10"]
[Round "4.7"]
[White "Weber, Tom"]
[Black "Berndt, Matthias"]
[Result "1-0"]
[WhiteTitle "FM"]
[WhiteElo "2380"]
[BlackElo "2136"]
[WhiteFideId "4000609"]
[BlackFideId "4622839"]
[EventDate "2013.02.07"]

1. c4 e5 2. g3 Nc6 3. Bg2 g6 4. Nc3 Bg7 5. e4 d6 6. Nge2 Be6 7. d3 Qd7 8. Nd5
Nd8 9. d4 c6 10. Ne3 exd4 11. Nxd4 Bh3 12. Ndf5 Bxf5 13. exf5 Ne7 14. Bh3 f6 15.
O-O O-O 16. b3 Qc7 17. Ba3 Nf7 18. Qd2 Rad8 19. Rad1 Rfe8 20. Qc2 Qa5 21. Bb2 b5
22. fxg6 hxg6 23. Be6 Kf8 24. h4 Ng8 25. Bh3 Ne7 26. Ng2 bxc4 27. bxc4 Ne5 28.
Nf4 Kf7 29. Be6+ Kf8 30. Bxe5 dxe5 31. Qxg6 1-0

[Event "Chess Classic ELO Open 2013"]
[Site "Baden-Baden GER"]
[Date "2013.02.10"]
[Round "4.8"]
[White "Fichter, Fabian"]
[Black "Schut, Lisa"]
[Result "1/2-1/2"]
[BlackTitle "WIM"]
[WhiteElo "2071"]
[BlackElo "2283"]
[WhiteFideId "24613258"]
[BlackFideId "1019481"]
[EventDate "2013.02.07"]

1. e4 c5 2. Nf3 d6 3. d4 cxd4 4. Qxd4 a6 5. Be3 Nc6 6. Qd2 Nf6 7. Nc3 Bg4 8.
O-O-O e6 9. Be2 Be7 10. h3 Bxf3 11. gxf3 Rc8 12. Kb1 b5 13. Rhg1 g6 14. Bf4 Qb6
15. Qe3 Qa5 16. Bxd6 b4 17. Bxe7 Nxe7 18. Qd4 e5 19. Qd6 Rc6 20. Qb8+ Rc8 21.
Qd6 Rc6 1/2-1/2

[Event "Chess Classic ELO Open 2013"]
[Site "Baden-Baden GER"]
[Date "2013.02.10"]
[Round "4.9"]
[White "Naundorf, Maik"]
[Black "Schmid, Wolfgang"]
[Result "1/2-1/2"]
[BlackTitle "FM"]
[WhiteElo "2129"]
[BlackElo "2209"]
[WhiteFideId "4682106"]
[BlackFideId "4608046"]
[EventDate "2013.02.07"]

1. Nf3 Nc6 2. d4 d5 3. g3 Nf6 4. Bg2 Bf5 5. c4 e6 6. Nc3 Bb4 7. cxd5 Nxd5 8. Bd2
Nxc3 9. Bxc3 Bxc3+ 10. bxc3 Be4 11. O-O O-O 12. Nd2 Bxg2 13. Kxg2 b6 1/2-1/2

[Event "Chess Classic ELO Open 2013"]
[Site "Baden-Baden GER"]
[Date "2013.02.10"]
[Round "4.10"]
[White "Buecker, Stefan"]
[Black "Riehle, Marco"]
[Result "1-0"]
[WhiteTitle "FM"]
[WhiteElo "2342"]
[BlackElo "1851"]
[WhiteFideId "4601424"]
[BlackFideId "12904392"]
[EventDate "2013.02.07"]

1. e4 e5 2. Nf3 Nf6 3. d4 Nxe4 4. Nxe5 Qe7 5. Be2 d5 6. O-O Be6 7. c4 Nd7 8.
cxd5 Bxd5 9. f3 Nef6 10. Nc3 Nxe5 11. dxe5 Qxe5 12. Bb5+ Kd8 13. Re1 Bc5+ 14.
Kh1 Qf5 15. Bc4 c6 16. Ne4 Be7 17. Be3 Kc8 18. Bxd5 Nxd5 19. Bf2 Rd8 20. Qa4 Nc7
21. Ng3 Qg5 22. Rac1 Rd7 23. Rc2 h5 24. Rce2 Nd5 25. a3 f5 26. f4 Qg6 27. Re6
Qf7 28. Nf1 Nc7 29. R6e2 g5 30. Ne3 Bd8 31. Qc2 gxf4 32. Nxf5 Nd5 33. Nd4 Ne3
34. Qe4 Bb6 35. Nf3 Re7 36. Qd3 Rd7 37. Qc3 Qg8 38. Bh4 Rg7 39. Qd2 Kc7 40. Bf6
Re8 41. Bxg7 Qxg7 42. Qb4 Qg4 43. Rd2 c5 44. Qc3 Re4 45. b4 Rc4 46. Qe5+ Kc6 47.
Qe8+ Kc7 48. Qd8+ Kc6 49. Ne5+ Kb5 50. Qe8+ 1-0

[Event "Chess Classic ELO Open 2013"]
[Site "Baden-Baden GER"]
[Date "2013.02.10"]
[Round "4.13"]
[White "Buttenmueller, Thomas"]
[Black "Ehmann, Thilo"]
[Result "1-0"]
[WhiteElo "2156"]
[BlackElo "1861"]
[WhiteFideId "1312847"]
[BlackFideId "12940968"]
[EventDate "2013.02.07"]

1. d4 d5 2. c4 e6 3. Nc3 c5 4. cxd5 cxd4 5. Qxd4 Nc6 6. Qd1 exd5 7. Qxd5 Bd7 8.
Qd1 Nf6 9. e3 Bc5 10. Nf3 Qe7 11. Bb5 O-O-O 12. Qe2 h6 13. a3 g5 14. b4 g4 15.
bxc5 gxf3 16. gxf3 Ne5 17. Bb2 Bxb5 18. Nxb5 Nd3+ 19. Kf1 Qe6 20. h4 Nxb2 21.
Qxb2 Qd5 22. Nd6+ Rxd6 23. cxd6 Qxf3 24. Rg1 Re8 25. Rc1+ Kb8 26. Rg3 Qh1+ 27.
Ke2 Qxh4 28. Rf3 Nd5 29. d7 1-0

[Event "Chess Classic ELO Open 2013"]
[Site "Baden-Baden GER"]
[Date "2013.02.10"]
[Round "4.15"]
[White "Bohnert, Dominik"]
[Black "Magar, Johannes"]
[Result "1/2-1/2"]
[WhiteElo "1938"]
[BlackElo "2075"]
[WhiteFideId "12918075"]
[BlackFideId "4648943"]
[EventDate "2013.02.07"]

1. e4 Nf6 2. e5 Nd5 3. Nc3 e6 4. Nxd5 exd5 5. Qf3 Nc6 6. Qg3 Nb4 7. Qb3 a5 8. c3
a4 9. Qd1 Nc6 10. d4 d6 11. Bb5 dxe5 12. dxe5 Bc5 13. Nf3 Bg4 14. h3 Bxf3 15.
Qxf3 O-O 16. Bxc6 bxc6 17. Qg3 Qe7 18. O-O f6 19. exf6 Qxf6 20. Bg5 Qf5 21. Rae1
Rf7 22. Be3 Bd6 23. Qg4 a3 24. Qxf5 Rxf5 25. b4 Rff8 26. Rb1 Bf4 27. Bxf4 Rxf4
28. Rfe1 Kf7 29. Rb3 Rc4 30. Rd1 Ke6 31. Rd4 c5 32. bxc5 Rxc5 33. Rf4 g5 34. Rf3
Rc4 35. Kf1 Rf4 36. Rxf4 gxf4 37. Rb4 Ke5 38. Ke2 c5 39. Rb5 Kd6 40. Rb6+ Ke5 1/2-1/2

[Event "Chess Classic ELO Open 2013"]
[Site "Baden-Baden GER"]
[Date "2013.02.10"]
[Round "4.16"]
[White "Rueckleben, Hermann"]
[Black "Ditmas, Hugh"]
[Result "1/2-1/2"]
[WhiteElo "2021"]
[BlackElo "1996"]
[WhiteFideId "4610490"]
[BlackFideId "1270666"]
[EventDate "2013.02.07"]

1. c4 Nf6 2. g3 e6 3. Nf3 d5 4. b3 Be7 5. Bb2 O-O 6. Bg2 c6 7. O-O b6 8. d3 Bb7
9. Nbd2 Nbd7 10. e4 Rc8 11. Qe2 c5 12. e5 Ne8 13. cxd5 Bxd5 14. Rac1 Nb8 15. Nc4
Nc7 16. Rfd1 Nc6 17. Ne3 1/2-1/2

[Event "Chess Classic ELO Open 2013"]
[Site "Baden-Baden GER"]
[Date "2013.02.11"]
[Round "5.5"]
[White "Chatalbashev, Boris"]
[Black "Weber, Tom"]
[Result "1-0"]
[WhiteTitle "GM"]
[BlackTitle "FM"]
[WhiteElo "2552"]
[BlackElo "2380"]
[WhiteFideId "2900440"]
[BlackFideId "4000609"]
[EventDate "2013.02.07"]

1. d4 Nf6 2. Nf3 g6 3. Nbd2 c5 4. dxc5 Na6 5. e4 Nxc5 6. e5 Nd5 7. Nc4 Nb6 8.
Be3 Nxc4 9. Bxc4 Qc7 10. Ng5 Ne6 11. Bxe6 dxe6 12. Qf3 f6 13. exf6 exf6 14. Qxf6
Bg7 15. Qf3 Bxb2 16. O-O Rf8 17. Qe4 Qe5 18. Rad1 Qxe4 19. Nxe4 Ba3 20. Bh6 Rf7
21. Bg5 Be7 22. f4 Bd7 23. Bxe7 Kxe7 24. Nd6 Rff8 25. Nxb7 Rf5 26. c4 Rb8 27. g4
Rff8 28. Nc5 Bc8 29. Nd3 Bd7 30. Ne5 Ba4 31. Rd2 Rfd8 32. Rff2 Rb1+ 33. Kg2 Rxd2
34. Rxd2 Kf6 35. Rd8 Rb7 36. g5+ Ke7 37. Rc8 Rb2+ 38. Kg3 Rxa2 39. c5 Bb5 40.
Rc7+ Kd8 41. Rxh7 1-0

[Event "Chess Classic ELO Open 2013"]
[Site "Baden-Baden GER"]
[Date "2013.02.11"]
[Round "5.7"]
[White "Vogel, Jaap"]
[Black "Buecker, Stefan"]
[Result "1/2-1/2"]
[WhiteTitle "FM"]
[BlackTitle "FM"]
[WhiteElo "2190"]
[BlackElo "2342"]
[WhiteFideId "1000764"]
[BlackFideId "4601424"]
[EventDate "2013.02.07"]

1. d4 Nf6 2. c4 c5 3. d5 Ne4 4. Qc2 Qa5+ 5. Nc3 Nxc3 6. Bd2 e5 7. dxe6 dxe6 8.
Bxc3 Qc7 9. g3 e5 10. Bg2 g6 11. h4 Bg7 12. h5 Nc6 13. hxg6 hxg6 14. Rxh8+ Bxh8
15. Bxc6+ Qxc6 16. Nf3 Bf5 17. Qd2 Rd8 18. Qe3 f6 19. b3 Qd7 20. Qxc5 Qh7 21.
Nh4 b6 22. Qc6+ Bd7 23. Qd6 a5 24. Bb2 b5 25. cxb5 Bg4 26. Qc6+ Bd7 27. Qd6 Bh3
28. Qc6+ Bd7 29. Qd6 1/2-1/2

[Event "Chess Classic ELO Open 2013"]
[Site "Baden-Baden GER"]
[Date "2013.02.11"]
[Round "5.8"]
[White "Schut, Lisa"]
[Black "Feiler, Juergen"]
[Result "1-0"]
[WhiteTitle "WIM"]
[WhiteElo "2283"]
[BlackElo "2138"]
[WhiteFideId "1019481"]
[BlackFideId "4687507"]
[EventDate "2013.02.07"]

1. e4 c5 2. Nf3 e6 3. d4 cxd4 4. Nxd4 a6 5. c4 Nf6 6. Nc3 Bb4 7. Qd3 Qc7 8. a3
Bxc3+ 9. Qxc3 O-O 10. f3 d6 11. Be2 e5 12. Nc2 Be6 13. Bg5 Nbd7 14. Ne3 Rfc8 15.
Rc1 b5 16. Qd2 Qa7 17. cxb5 Rxc1+ 18. Qxc1 axb5 19. O-O d5 20. exd5 Nxd5 21. Kh1
Qb7 22. Bd3 Rc8 23. Qe1 h6 24. Bh4 Nxe3 25. Qxe3 Bc4 26. Be4 Qa6 27. Rc1 Be6 28.
h3 f5 29. Bd3 Rxc1+ 30. Qxc1 Qb7 31. Qc2 g6 32. Qe2 b4 33. Bc4 Qc6 34. Bxe6+
Qxe6 35. axb4 e4 36. Bf2 Kf7 37. fxe4 Nf6 38. Bd4 Nxe4 39. Qc2 Nd6 40. Qc7+ Ke8
41. Qc6+ Qd7 42. b5 g5 43. Qa8+ Kf7 44. b6 g4 45. hxg4 fxg4 46. Qh8 Kg6 47. Qg8+
Kh5 48. Qd5+ Kh4 49. Bf6+ Kg3 50. Qe5+ Kf2 51. Bh4+ g3 52. Bxg3+ Kf1 53. Qe1# 1-0

[Event "Chess Classic ELO Open 2013"]
[Site "Baden-Baden GER"]
[Date "2013.02.11"]
[Round "5.9"]
[White "Frick, Christoph"]
[Black "Naundorf, Maik"]
[Result "1/2-1/2"]
[WhiteElo "2250"]
[BlackElo "2129"]
[WhiteFideId "4607090"]
[BlackFideId "4682106"]
[EventDate "2013.02.07"]

1. e4 c5 2. Nc3 Nc6 3. g3 g6 4. Bg2 Bg7 5. d3 d6 6. Nh3 e5 7. O-O Nge7 8. f4
exf4 9. Nxf4 O-O 10. Be3 Rb8 11. Rb1 b5 12. Qd2 b4 13. Ncd5 Nxd5 14. Nxd5 Be6
15. Bg5 f6 16. Be3 Bxd5 17. exd5 Ne5 18. h3 Qd7 19. Qf2 Rbc8 20. Rfe1 f5 1/2-1/2

[Event "Chess Classic ELO Open 2013"]
[Site "Baden-Baden GER"]
[Date "2013.02.11"]
[Round "5.10"]
[White "Schmid, Wolfgang"]
[Black "Fichter, Fabian"]
[Result "1-0"]
[WhiteTitle "FM"]
[WhiteElo "2209"]
[BlackElo "2071"]
[WhiteFideId "4608046"]
[BlackFideId "24613258"]
[EventDate "2013.02.07"]

1. e4 c5 2. Nf3 Nc6 3. d4 cxd4 4. Nxd4 Qb6 5. Nxc6 bxc6 6. Bd3 e5 7. O-O Be7 8.
Qe2 a5 9. c4 Nf6 10. Nc3 d6 11. h3 O-O 12. b3 Bb7 13. Ba3 Qc7 14. Rfe1 g6 15.
Qe3 Rac8 16. Rad1 Rfd8 17. Bc1 Nd7 18. Na4 Rb8 19. Qg3 Bf8 20. h4 Bg7 21. h5 Bc8
22. Be2 Nf8 23. f4 f6 24. Bf3 Qe7 25. Re2 Bd7 26. f5 g5 27. Qe1 d5 28. cxd5 cxd5
29. Rxd5 Bxa4 30. bxa4 Rxd5 31. exd5 Rb4 32. g4 Nd7 33. Kg2 Rxa4 34. Qc3 Qc5 35.
Qxc5 Nxc5 36. Rc2 Bf8 37. Be3 Nd3 38. Kf1 Ra3 39. Rc8 Rxa2 40. d6 Ra1+ 41. Ke2
e4 42. Bxe4 Ne5 43. Bd5+ Kg7 44. h6+ Kxh6 45. Rxf8 Rb1 46. Rxf6+ 1-0

[Event "Chess Classic ELO Open 2013"]
[Site "Baden-Baden GER"]
[Date "2013.02.11"]
[Round "5.12"]
[White "Riehle, Marco"]
[Black "Partenheimer, Axel"]
[Result "0-1"]
[WhiteElo "1851"]
[BlackElo "2188"]
[WhiteFideId "12904392"]
[BlackFideId "4646703"]
[EventDate "2013.02.07"]

1. e4 c5 2. Nf3 e6 3. c4 Nc6 4. d4 cxd4 5. Nxd4 Nf6 6. Nc3 Bb4 7. f3 O-O 8. Be3
d5 9. cxd5 exd5 10. Nxc6 bxc6 11. e5 Qe7 12. Be2 Qxe5 13. Bd4 Qe7 14. O-O Bc5
15. Re1 Be6 16. Na4 Bxd4+ 17. Qxd4 Rfb8 18. Nc5 Nd7 19. Nxd7 Bxd7 20. Bd3 Qb4
21. Qxb4 Rxb4 22. Re7 Be6 23. Re1 g6 24. b3 a5 25. Bc2 c5 26. Rc7 c4 27. a3 Rb6
28. bxc4 dxc4 29. Rc5 Rb2 30. Be4 Ra7 31. Rc1 Ra2 32. Bd5 Bxd5 33. Rxd5 Re7 34.
Rxa5 h6 35. h4 Ree2 36. Rxc4 Rxg2+ 37. Kh1 Rgf2 38. Rg4 Rf1+ 39. Rg1 Rxf3 40.
Rg2 Raxa3 41. Rxa3 Rxa3 42. Kh2 Kg7 43. Rb2 g5 44. Rg2 Kg6 45. hxg5 hxg5 46. Rb2
f5 47. Kg2 Kh5 48. Rb5 Kg4 49. Rb2 f4 50. Rc2 Rg3+ 51. Kf2 Rh3 52. Kg2 f3+ 53.
Kg1 Kg3 54. Rg2+ Kf4 55. Ra2 Rh8 56. Ra4+ Kg3 57. Ra3 g4 58. Rb3 Ra8 59. Rb1 Ra2 0-1

[Event "Chess Classic ELO Open 2013"]
[Site "Baden-Baden GER"]
[Date "2013.02.11"]
[Round "5.13"]
[White "Tolhuizen, Ludo"]
[Black "Magar, Johannes"]
[Result "1/2-1/2"]
[WhiteElo "2154"]
[BlackElo "2075"]
[WhiteFideId "1000802"]
[BlackFideId "4648943"]
[EventDate "2013.02.07"]

1. c4 e5 2. g3 Nc6 3. Bg2 f5 4. Nc3 Nf6 5. e3 d5 6. Nxd5 Nxd5 7. cxd5 Nb4 8. d3
Nxd5 9. a3 c6 10. Nf3 Bd6 11. O-O O-O 12. Qc2 Qe7 13. b3 Kh8 14. Bb2 Bd7 15.
Rfe1 1/2-1/2

[Event "Chess Classic ELO Open 2013"]
[Site "Baden-Baden GER"]
[Date "2013.02.11"]
[Round "5.14"]
[White "Berndt, Matthias"]
[Black "Bohnert, Dominik"]
[Result "1-0"]
[WhiteElo "2136"]
[BlackElo "1938"]
[WhiteFideId "4622839"]
[BlackFideId "12918075"]
[EventDate "2013.02.07"]

1. e4 c5 2. Nc3 Nc6 3. g3 e6 4. Bg2 Nf6 5. f4 h5 6. e5 Ng8 7. Ne4 d5 8. exd6
Bxd6 9. d3 Be7 10. c3 Nf6 11. Be3 Ng4 12. Qe2 Nxe3 13. Qxe3 Bd7 14. Ne2 Qb6 15.
O-O-O O-O-O 16. h4 Na5 17. Rhf1 Ba4 18. Rd2 Kb8 19. Ng5 Bb3 20. Kb1 f6 21. Nf7
Ba4 22. Bh3 Bd7 23. Nxh8 Rxh8 24. Qe4 Re8 25. Qg6 Bb5 26. Qxh5 Rd8 27. Rfd1 Ba4
28. b3 Nc4 29. dxc4 Bxb3 30. Rxd8+ Bxd8 31. Rxd8+ Qxd8 32. axb3 Qd1+ 33. Kb2
Qd2+ 34. Ka3 Qe1 35. Qe8+ Kc7 36. Qe7+ Kb6 37. Qd6+ 1-0

[Event "Chess Classic ELO Open 2013"]
[Site "Baden-Baden GER"]
[Date "2013.02.11"]
[Round "5.15"]
[White "Hoegener, Claude"]
[Black "Kuehn, Kolja"]
[Result "1-0"]
[WhiteElo "2059"]
[BlackElo "1944"]
[WhiteFideId "4000978"]
[BlackFideId "12938106"]
[EventDate "2013.02.07"]

1. d4 d5 2. Nf3 Nf6 3. c3 c5 4. e3 Nc6 5. Bd3 g6 6. Nbd2 Bg7 7. Qc2 O-O 8. dxc5
a5 9. a4 e5 10. e4 Bg4 11. O-O dxe4 12. Bxe4 Nxe4 13. Qxe4 Bf5 14. Qe3 Bd3 15.
Rd1 e4 16. Nxe4 Bxe4 17. Rxd8 Raxd8 18. Qxe4 Rd1+ 19. Qe1 Rxe1+ 20. Nxe1 Rd8 21.
Bf4 Bf8 22. Be3 Rd5 23. c4 Rd7 24. b3 Bg7 25. Rb1 Bc3 26. Kf1 Kf8 27. Nc2 Bb4
28. Ke2 Ke7 29. Rd1 Rxd1 30. Kxd1 Ke6 31. Ke2 Ke5 32. Kd3 h5 33. f4+ Kf5 34.
Nd4+ Kf6 35. Nb5 Ke6 36. Nc7+ Kd7 37. Nd5 f5 38. h3 Be1 39. g4 hxg4 40. hxg4 Ke6
41. g5 Bb4 42. Nc3 Bxc3 43. Kxc3 Nb4 44. c6 Nxc6 45. Bc5 Kd7 46. b4 axb4+ 47.
Bxb4 Kc7 48. c5 Kd7 49. Kc4 Ne7 50. Kb5 Nd5 51. Bd2 Kc7 52. a5 Kd7 53. Bc1 Kc7
54. Bb2 Kd7 55. Be5 Ne3 56. Bd6 Nd5 57. Kc4 Kc6 1-0